000 00636nam a22002537a 4500
003 UA-OsUOA
001 30592
007 ta
008 20041111b un ||||| |||| 00| 0 ukr d
100 _aОгарев Н.П.
090 _a82.09(470+571)
_bО-36
942 _cBK
040 _aUA-OsUOA
_brus
_cUA-OsUOA
_dUA-OsUOA
245 _aО литературе и искусстве
300 _a351 с.
_bІлюстрації
955 _a0
041 _arus
080 _a82.09(470+571)
020 _a5-270-00317-Г
260 _aМосква
_bСовременник
_c1988
044 _aRU
650 7 _2UDC
999 _c317005
_d317005